000 00433nam a22001577a 4500
005 20171110100344.0
008 171110b xxu||||| |||| 00| 0 eng d
020 _a969480094
040 _cPK-LaUMT
082 _aPKAC 320.95491
_bKOR-C
100 _aKoreshi , S.M.
245 _aContemporary power politics and Pakistan/
_cS.M. Koreshi
260 _aIslamabad:
_bInstitute of policy studies,
_c[ ]
300 _a283 p.
942 _cBK
999 _c99916
_d99916